000 01292 a2200205 4500
001 15744
005 20260407155451.0
008 260407a1973 arg spa d
003 AR-UNSa-BCEJYS
040 _aAR-UNSa-BCEJYS
_bspa
_cAR-UNSa-BCEJYS
080 _a342.9
_xDerecho Administrativo
245 1 0 _aInstituciones de derecho administrativo
020 _a950-008-053-2
264 1 _aBuenos Aires :
_bAstrea
_c1973
300 _axxxix, 576 p.
_c23 cm.
505 _a1. Introducción - 2. Sociedad y estado - 3. Causas del estado - 4. El poder político - 5. La personalidad del estado - 6. Funciones del poder - 7. El control del poder - 8. Función política o gubernativa - 9. Función legislativa - 10. Función jurisdiccional - 11. Función administrativa - 12. Régimen jurídico de la actividad administrativa - 13. Acto administrativo - 14. Acto administrativo (continuación) - 15. Actos administrativos especiales - 16. Simples actos de la administración - 17. El reglamento - 18. Contrato de la administración - 19. Organización de la actividad administrativa - 20. Regulación normativa y control de la actividad administrativa - 21. La protección jurídica del administrado -
942 _cBK
590 _aniveau_biblio:m niveau_hierar:0
100 1 _aDromi, José Roberto
999 _c665
_d665